16 faktów o Polsce w anglojęzycznym przewodniku - Statystyki

Ogólne statystyki
  • Ten quiz został rozwiązany 12 razy
  • Średni wynik to 6 z 16
Statystyki odpowiedzi
16 facts % Poprawnych
1. Poland is home to the world’s biggest {castle} - Malbork
91%
15. Marie {Curie} was born in Poland
73%
3. {Vodka} originated in Poland - alcohol type
64%
10. {Warsaw} was almost completely destroyed during WWII
55%
4. Europe’s heaviest animals live in Poland - European {bison}
45%
14. A Polish {astronomer} changed how we see the universe - M. Kopernik
36%
2. Poland has one of the world’s oldest {salt mines} - Wieliczka
36%
9. Polish people marry the {youngest} in Europe - 25-27 years old!
36%
12. Poland has a {desert} – Bełdów
27%
8. You can still eat at Europe’s oldest {restaurant} - Piwnica Swidnicka
27%
11. You can find an original {Gutenberg} Bible in Poland
18%
5. Poland had the world’s first {upside down} house - Szymbark
18%
13. Poland has a unique alphabet and language quirks, including {nine} that don’t appear in English
9%
16. {Pierogi} have their own holiday in Poland - October 8th
9%
6. Poland has one of the most diverse {environments} in Europe - forests, mountains, beaches, deserts etc.
9%
7. The Palace of Culture and Science in Warsaw is full of animals - sixth floor is home to a living {bee} apiary
9%
Nie znaleziono quizów pasujących do podanych kryteriów
Rozkład punktacji
Procent ludzi z każdym wynikiem
Percentyl według liczby udzielonych odpowiedzi
Twoja historia wyników
Nie rozwiązałeś tego quizu